Избранные произведения по истории иностранной колонизации в России

Podrobná bibliografie
Hlavní autor: Писаревский Г. Г. Григорий Григорьевич
Shrnutí:В сборник вошли ранние работы российского историка Григория Григорьевича Писаревского, посвященные истории взаимоотношений России и Германии и проблемам иностранной колонизации XVIII в. Публикуемые статьи позже вошли в основные работы Писаревского «Из истории иностранной колонизации в России», «Внутренний распорядок в колониях Поволжья при Екатерине II», «Хозяйство и формы землевладения в колониях Поволжья в XVIII и первой четверти XIX века», «Переселение прусских меннонитов в Россию». Издание рассчитано на историков и широкий круг читателей, интересующихся прошлым российских немцев.
Jazyk:ruština
Vydáno: Москва, МСНК, 2011
Témata:
Médium: MixedMaterials Kniha
KOHA link:https://koha.lib.tpu.ru/cgi-bin/koha/opac-detail.pl?biblionumber=220687

MARC

LEADER 00000nam0a2200000 4500
001 220687
005 20250527145036.0
010 |a 9785983550841 
035 |a (RuTPU)RU\TPU\book\240819 
090 |a 220687 
100 |a 20120829d2011 k y0rusy50 ca 
101 0 |a rus 
102 |a RU 
105 |a y z 000zy 
200 1 |a Избранные произведения по истории иностранной колонизации в России  |f Г. Г. Писаревский 
210 |a Москва  |c МСНК  |d 2011 
215 |a 224 с. 
330 |a В сборник вошли ранние работы российского историка Григория Григорьевича Писаревского, посвященные истории взаимоотношений России и Германии и проблемам иностранной колонизации XVIII в. Публикуемые статьи позже вошли в основные работы Писаревского «Из истории иностранной колонизации в России», «Внутренний распорядок в колониях Поволжья при Екатерине II», «Хозяйство и формы землевладения в колониях Поволжья в XVIII и первой четверти XIX века», «Переселение прусских меннонитов в Россию». Издание рассчитано на историков и широкий круг читателей, интересующихся прошлым российских немцев. 
606 |a Иностранцы в России  |x Иммиграция  |x История  |2 stltpush  |3 (RuTPU)RU\TPU\subj\71822  |9 85560 
610 1 |a 16 век 
610 1 |a 17 век 
610 1 |a иностранная колонизация 
610 1 |a Германия 
610 1 |a международные отношения 
610 1 |a иностранные колонисты 
610 1 |a шведы 
610 1 |a Южная Европа 
610 1 |a корсиканцы 
610 1 |a Данциг 
610 1 |a меннониты 
610 1 |a иезуиты 
610 1 |a немцы 
610 1 |a немецкие колонии 
610 1 |a Поволжье 
686 |a Т3(2)-2  |v LBC/SL-A  |2 rubbk 
700 1 |a Писаревский  |b Г. Г.  |g Григорий Григорьевич 
801 1 |a RU  |b 63413507  |c 20120829 
801 2 |a RU  |b 63413507  |c 20120921  |g RCR 
942 |c BK